Tablice Rejestracyjne Województwa Świętokrzyskiego - Statystyki

Ogólne statystyki
  • Ten quiz został rozwiązany 181 razy
  • Średni wynik to 13 z 14
Statystyki odpowiedzi
Powiat Tablica Rejestracyjna % Poprawnych
Kielce TK
100%
kielecki TKI
100%
opatowski TOP
97%
ostrowiecki TOS
97%
skarżyski TSK
97%
sandomierski TSA
96%
buski TBU
95%
pińczowski TPI
95%
starachowicki TST
95%
jędrzejowski TJE
94%
konecki TKN
92%
kazimierski TKA
91%
staszowski TSZ
87%
włoszczowski TLW
59%
Nie znaleziono quizów pasujących do podanych kryteriów
Rozkład punktacji
Procent ludzi z każdym wynikiem
Percentyl według liczby udzielonych odpowiedzi
Twoja historia wyników
Nie rozwiązałeś tego quizu